000 00663nam a2200217Ia 4500
003 OSt
005 20220928140206.0
006 a|||||r|||| 00| 0
007 ta
008 220927b |||||||| |||| 00| 0 eng d
024 _a7514
037 _cTextual
040 _aSDCL
_cSDCL
_beng
041 _2eng
_aeng
082 _aX:75p1,N76, L6
100 _aKhachaturov T S Ed.
_9494603
245 0 _aMethods of long-term planning and forecasting
_b Proceedings of a conference held by the International Economic Association at Moscow
260 _c1976
942 _hX:75p1,N76, L6
_cTEXL
_2CC
999 _c810575
_d810575